<?xml version="1.0" encoding="UTF-8"?>
<record
    xmlns:xsi="http://www.w3.org/2001/XMLSchema-instance"
    xsi:schemaLocation="http://www.loc.gov/MARC21/slim http://www.loc.gov/standards/marcxml/schema/MARC21slim.xsd"
    xmlns="http://www.loc.gov/MARC21/slim">

  <leader>03308cam a22004454i 4500</leader>
  <controlfield tag="003">PE-LiUPU</controlfield>
  <controlfield tag="005">20250731165406.0</controlfield>
  <controlfield tag="008">151013s2015    pe a   grm    000 0 spa d</controlfield>
  <datafield tag="035" ind1=" " ind2=" ">
    <subfield code="a">(Sirsi) a154837</subfield>
  </datafield>
  <datafield tag="040" ind1=" " ind2=" ">
    <subfield code="a">PE-LiUPU</subfield>
    <subfield code="b">spa</subfield>
    <subfield code="c">PE-LiUPU</subfield>
    <subfield code="e">rda</subfield>
  </datafield>
  <datafield tag="099" ind1=" " ind2=" ">
    <subfield code="a">TE 3</subfield>
    <subfield code="b">CH19 2014</subfield>
  </datafield>
  <datafield tag="100" ind1="1" ind2=" ">
    <subfield code="a">Chanducas Z&#xE1;rate, Leroy Agust&#xED;n</subfield>
    <subfield code="e">autor</subfield>
  </datafield>
  <datafield tag="245" ind1="1" ind2=" ">
    <subfield code="a">Liderazgo transformacional de los directores y la satisfacci&#xF3;n laboral de los docentes de la Asociaci&#xF3;n Educativa Adventista Nor Oriental, 2014 /</subfield>
    <subfield code="c">Leroy Agust&#xED;n Chanducas Z&#xE1;rate.</subfield>
  </datafield>
  <datafield tag="264" ind1=" " ind2="0">
    <subfield code="c">2014.</subfield>
  </datafield>
  <datafield tag="300" ind1=" " ind2=" ">
    <subfield code="a">124 hojas : </subfield>
    <subfield code="b">ilustraciones;</subfield>
    <subfield code="c">30 cm</subfield>
  </datafield>
  <datafield tag="336" ind1=" " ind2=" ">
    <subfield code="a">text</subfield>
    <subfield code="2">rdacontent</subfield>
  </datafield>
  <datafield tag="337" ind1=" " ind2=" ">
    <subfield code="a">unmediated</subfield>
    <subfield code="2">rdamedia</subfield>
  </datafield>
  <datafield tag="338" ind1=" " ind2=" ">
    <subfield code="a">volume</subfield>
    <subfield code="2">rdacarrier</subfield>
  </datafield>
  <datafield tag="502" ind1=" " ind2=" ">
    <subfield code="a">Tesis</subfield>
    <subfield code="b">(Mg.) -- </subfield>
    <subfield code="c">Universidad Peruana Uni&#xF3;n,</subfield>
    <subfield code="d">2014.</subfield>
  </datafield>
  <datafield tag="504" ind1=" " ind2=" ">
    <subfield code="a">Incluye lista de referencias</subfield>
  </datafield>
  <datafield tag="520" ind1="3" ind2=" ">
    <subfield code="a">Esta investigaci&#xF3;n tuvo por objeto determinar en qu&#xE9; medida se relacionan el liderazgo transformacional de los directores y la satisfacci&#xF3;n laboral de los docentes de la Asociaci&#xF3;n Educativa Adventista Nor Oriental. Considerando el liderazgo transformacional como el m&#xE1;s pr&#xF3;ximo de los estilos estudiados actualmente al liderazgo requerido en directivos de instituciones adventistas, entendido &#xE9;ste como el l&#xED;der carism&#xE1;tico, inspirador, motivador al cambio y al comportamiento congruente con las creencias, principios y valores, y la satisfacci&#xF3;n laboral docente, como el conjunto de actitudes y sentimientos hacia el trabajo para deleite y bienestar. Se trabaj&#xF3; con una muestra de 80 docentes aplic&#xE1;ndose un cuestionario que presentaba la variable predictora: liderazgo transformacional y sus cinco dimensiones: consideraci&#xF3;n individual, influencia idealizada, motivaci&#xF3;n inspiradora, estimulaci&#xF3;n intelectual y tolerancia psicol&#xF3;gica; as&#xED; como, de la variable satisfacci&#xF3;n laboral docente y cuatro dimensiones: libertad de acci&#xF3;n, recompensas, responsabilidad delegada e interrelaciones. Los resultados obtenidos muestran una significativa relaci&#xF3;n y un alto valor del coeficiente de correlaci&#xF3;n que existe ente la variable predictora "liderazgo transformacional" y la variable criterio "satisfacci&#xF3;n laboral docente" que es R= 0.788; indicando una correlaci&#xF3;n superior a la media. El coeficiente de variable predictora: Liderazgo transformacional es B=     0.620, indicando que esta variable explica totalmente la satisfacci&#xF3;n laboral docente, pues se rechaza la hip&#xF3;tesis nula, esto es, el valor de signo es menor al valor de alfa; e efecto, signo =0.000 &lt;a=0.05. Lo que nos indica que en la Asociaci&#xF3;n Educativa Adventista Nor Oriental se desarrolla el liderazgo transformacional en sus directores relacionado significativamente con la satisfacci&#xF3;n laboral de los docentes.</subfield>
  </datafield>
  <datafield tag="526" ind1=" " ind2=" ">
    <subfield code="a">SEG44</subfield>
  </datafield>
  <datafield tag="526" ind1=" " ind2=" ">
    <subfield code="a">SEG26</subfield>
  </datafield>
  <datafield tag="526" ind1=" " ind2=" ">
    <subfield code="a">P151</subfield>
  </datafield>
  <datafield tag="526" ind1=" " ind2=" ">
    <subfield code="a">P150</subfield>
  </datafield>
  <datafield tag="526" ind1=" " ind2=" ">
    <subfield code="a">P149</subfield>
  </datafield>
  <datafield tag="526" ind1=" " ind2=" ">
    <subfield code="a">P146</subfield>
  </datafield>
  <datafield tag="526" ind1=" " ind2=" ">
    <subfield code="a">P145</subfield>
  </datafield>
  <datafield tag="526" ind1=" " ind2=" ">
    <subfield code="a">P126</subfield>
  </datafield>
  <datafield tag="526" ind1=" " ind2=" ">
    <subfield code="a">P125</subfield>
  </datafield>
  <datafield tag="526" ind1=" " ind2=" ">
    <subfield code="a">P92</subfield>
  </datafield>
  <datafield tag="526" ind1=" " ind2=" ">
    <subfield code="a">P75</subfield>
  </datafield>
  <datafield tag="526" ind1=" " ind2=" ">
    <subfield code="a">P74</subfield>
  </datafield>
  <datafield tag="526" ind1=" " ind2=" ">
    <subfield code="a">P27</subfield>
  </datafield>
  <datafield tag="526" ind1=" " ind2=" ">
    <subfield code="a">P15</subfield>
  </datafield>
  <datafield tag="650" ind1="0" ind2="4">
    <subfield code="a">Profesores</subfield>
    <subfield code="x">Administraci&#xF3;n escolar</subfield>
    <subfield code="x">Liderazgo.</subfield>
  </datafield>
  <datafield tag="596" ind1=" " ind2=" ">
    <subfield code="a">1</subfield>
  </datafield>
  <datafield tag="942" ind1=" " ind2=" ">
    <subfield code="2">ddc</subfield>
    <subfield code="c">TESIS</subfield>
  </datafield>
  <datafield tag="999" ind1=" " ind2=" ">
    <subfield code="a">TE 3 CH19 2014</subfield>
    <subfield code="w">ALPHANUM</subfield>
    <subfield code="c">7533</subfield>
    <subfield code="i">T01762</subfield>
    <subfield code="l">CCODEBUL3</subfield>
    <subfield code="m">BUL</subfield>
    <subfield code="r">1</subfield>
    <subfield code="s">Y</subfield>
    <subfield code="t">TESIS</subfield>
    <subfield code="u">2015-10-13</subfield>
    <subfield code="x">POSGRADO</subfield>
    <subfield code="P">P57</subfield>
    <subfield code="o">.STAFF. Tesis</subfield>
    <subfield code="d">7533</subfield>
  </datafield>
  <datafield tag="980" ind1=" " ind2=" ">
    <subfield code="8">1</subfield>
    <subfield code="g">ALBERTO SANCHEZ Responsable de Automatizaci&#xF3;n</subfield>
  </datafield>
  <datafield tag="952" ind1=" " ind2=" ">
    <subfield code="r">2022-07-06 00:00:00</subfield>
    <subfield code="l">0</subfield>
    <subfield code="o">TE 3 CH19 2014</subfield>
    <subfield code="p">T01762</subfield>
    <subfield code="t">e1</subfield>
    <subfield code="w">2015-10-13</subfield>
    <subfield code="x">PG</subfield>
    <subfield code="y">TESIS</subfield>
    <subfield code="z">Este &#xCD;tem NO se presta por ser Ejemplar #1.</subfield>
    <subfield code="1">0</subfield>
    <subfield code="2">ddc</subfield>
    <subfield code="7">1</subfield>
    <subfield code="8">TESIS</subfield>
    <subfield code="f">P57</subfield>
    <subfield code="a">BUL</subfield>
    <subfield code="b">BUL</subfield>
    <subfield code="c">TESIS</subfield>
    <subfield code="d">2015-10-13</subfield>
  </datafield>
</record>
